Islam.Iman.Ihsan : formula kejayaan hakiki & abadi
| Main Author: | |
|---|---|
| Format: | Book |
| Published: |
Selangor :
PTS Millennia Sdn. Bhd ,
2011
|
| Subjects: |
MARC
| LEADER | 00000cam a2200000 7i4500 | ||
|---|---|---|---|
| 001 | 0000039796 | ||
| 005 | 20140108.0 | ||
| 008 | 140108 | ||
| 020 | |a 9670142012 | ||
| 090 | 0 | 0 | |a 297.2 |b SAK |
| 100 | 0 | |a Sakinah Salleh | |
| 245 | 1 | 0 | |a Islam.Iman.Ihsan : |b formula kejayaan hakiki & abadi |c Sakinah Salleh |
| 260 | |a Selangor : |b PTS Millennia Sdn. Bhd , |c 2011 | ||
| 650 | 0 | |a Faith (Islam) | |
| 650 | 0 | |a Islam doctrines | |
| 999 | |a 0001262011 |b Book |c Adult Collection |e Perbadanan Perpustakaan Awam Johor | ||